000 00808 a2200217 4500
003 OSt
005 20180116192355.0
008 120613t xxu||||| |||| 00| 0 eng d
020 _a1157036260 (paperback)
020 _a9781157036265 (paperback)
040 _c0
082 _a720.954
245 0 0 _aIndian architectural history :
_bhoysala architecture, dravidian architecture, sikh architecture, indian rock-cut architecture, vastu shastra.
260 _aTennessee :
_bBooks LLC,
_c2010
300 _a99 p . :
_c23 cm.
650 1 0 _aArchitecture
_zIndia
_94500
650 1 0 _aHindu architecture
_94501
856 4 0 _3Amazon.com
_uhttp://www.amazon.com/exec/obidos/ASIN/1157036260/chopaconline-20
942 _aSADA
_cBK
_k720.954 IND 2010
_2ddc
999 _c353067
_d353067